ბათუმის შოთა რუსთაველის სახელმწიფო უნივერსიტეტის ბიბლიოთეკა

Слесарь-монтажник технологического оборудования нефтехимических и химических производств. (ბიბ.ჩანაწერი № 38372)

000 -LEADER
fixed length control field 00838nam a2200205Ia 4500
001 - CONTROL NUMBER
control field 4382
003 - CONTROL NUMBER IDENTIFIER
control field GE_BSU
008 - FIXED-LENGTH DATA ELEMENTS--GENERAL INFORMATION
fixed length control field 181216s||||||||xx |||||||||||||| ||und||
040 ## - CATALOGING SOURCE
Transcribing agency GE_BSU
080 ## - UNIVERSAL DECIMAL CLASSIFICATION NUMBER
Universal Decimal Classification number 66.02:683.3+69(075.32)
100 ## - MAIN ENTRY--PERSONAL NAME
Personal name Анохин, А.В. Тыркин, Б.А.
245 ## - TITLE STATEMENT
Title Слесарь-монтажник технологического оборудования нефтехимических и химических производств.
245 ## - TITLE STATEMENT
Statement of responsibility, etc. ред. В.Г. Старосветова.
260 ## - PUBLICATION, DISTRIBUTION, ETC.
Place of publication, distribution, etc. м.
260 ## - PUBLICATION, DISTRIBUTION, ETC.
Name of publisher, distributor, etc. Стройиздат.
260 ## - PUBLICATION, DISTRIBUTION, ETC.
Date of publication, distribution, etc. 1974.
300 ## - PHYSICAL DESCRIPTION
Extent 403стр. 20см. илл.
653 ## - INDEX TERM--UNCONTROLLED
Uncontrolled term Слесарь-монтажник технологического оборудования нефтехимических и химических производств.
942 ## - ADDED ENTRY ELEMENTS (KOHA)
Koha item type წიგნი
ეგზემპლარები
Withdrawn status Lost status Damaged status Not for loan Date acquired Barcode Date last seen Price effective from Koha item type Public note
        2018-12-17 9365 2018-12-17 2018-12-17 წიგნი საცავი